000 00579nam a22002177a 4500
999 _c10286
_d10286
003 BD-JhCC
005 20180423120830.0
008 180423b xxu||||| |||| 00| 0 eng d
035 _a(BD-JhCC)
040 _aBD-JhCC
_dBD-JhCC
041 _aeng
082 _a747.88
_bEIC 1974
100 _aEichen, Carole
245 _aHow To Decorate Model Homes and Apartments /
_cCarole Eichen
260 _aNew York :
_bHouse & Home Press,
_c1974.
300 _a155 p. :
_bills;
_c26 cm.
650 _aModel Apartments
651 _aModel House
942 _2ddc
_cREF